000 00454nam a2200157Ia 4500
005 20250404083255.0
008 231217s9999 xx 000 0 und d
020 _a9788177581683
082 _a338.02 VAR;1 R
100 _aVarma, Anil ed.
245 0 _aSmall and medium enterprises : perspectives and country experiences
260 _c2008
_bICFAI
_aHyderabad
300 _ax, 233
650 _amedium,enterprises,country,experiences
942 _cAA
999 _c191364
_d191364